[Event "20th Dubai Open 2018"]
[Site "Dubai"]
[Date "2018.04.04"]
[Round "3"]
[White "Iniyan, P."]
[Black "Zubov, Alexander"]
[Result "0-1"]
[WhiteElo "2466"]
[BlackElo "2606"]
[Annotator "TA"]
[PlyCount "62"]
[EventDate "2018.??.??"]
[EventType "swiss"]
[EventCountry "UAE"]
[SourceTitle "playchess.com"]
[Source "ChessBase"]
[SourceQuality "1"]

{[%evp 21,62,2,35,27,37,33,24,23,20,21,20,-111,-111,-111,-115,-115,-116,-116,-106,-108,-110,-112,-109,-160,-119,-110,-78,-97,-106,-627,-627,-865,-850,-1291,-1277,-1343,-1326,-1285,-1269,-1200,-1051,-1180,-1021]} 1. d4 Nf6 2. c4 g6 3. f3 d5 4. cxd5 Nxd5 5. e4 Nb6 6. Nc3 Bg7 7. Be3 O-O 8. Qd2 e5 9. d5 c6 {D70: Grünfeld: Unusual White 3rd moves (met by ...d5)} 10. O-O-O (10. Rd1 cxd5 11. exd5 N8d7 12. Nh3 e4 13. fxe4 Ne5 14. Nf2 f5 15. Bc5 Rf7 16. Be2 f4 17. Bf3 {½-½ (25) Aronian,L (2805)-Vachier Lagrave,M (2789) London 2017}) 10... cxd5 11. exd5 N8d7 {LiveBook: 4 Games. The position is equal.} 12. Nh3 Nf6 13. Nf2 Bd7 14. Nfe4 $146 ({Predecessor:} 14. Kb1 Rc8 15. Nfe4 Na4 16. Be2 Nxc3+ 17. Nxc3 {0-1 (45) Medve,M (2110)-Mesaros,F (2242) Hungary 2014}) 14... Nxe4 15. Nxe4 Na4 16. g4 (16. Kb1 $11) 16... f5 $17 17. gxf5 gxf5 18. Nc3 f4 19. Bf2 Rc8 $1 $36 {[%mdl 2048] Hoping for ...Qa5. Black has strong initiative.} 20. Kb1 Nxc3+ 21. bxc3 {[#]} Qa5 $1 22. Kb2 (22. Bd3 $142) 22... Kh8 23. Rg1 Bf6 24. c4 {[#]} Qa4 $1 25. Re1 $2 {[%mdl 8192]} (25. Be2 $17) 25... b5 $19 {Black is clearly winning.} 26. Qc3 bxc4 {And now ...Rb8+ would win.} 27. Ka1 Rb8 28. Bxc4 {[#]} Qc2 $3 {[%mdl 512]} 29. Qxc2 e4+ $1 {[%cal Be5e4,Be4e3][%mdl 32]} 30. Qb2 Bxb2+ 31. Kb1 e3 {Precision: White = 42%, Black = 80%.} 0-1

[Event "20th Dubai Open 2018"]
[Site "Dubai"]
[Date "2018.04.04"]
[Round "3"]
[White "Laxman, R.R"]
[Black "Flores, Diego"]
[Result "1/2-1/2"]
[WhiteElo "2441"]
[BlackElo "2601"]
[Annotator "TA"]
[PlyCount "77"]
[EventDate "2018.??.??"]
[EventType "swiss"]
[EventCountry "UAE"]
[SourceTitle "playchess.com"]
[Source "ChessBase"]
[SourceQuality "1"]

{[%evp 14,77,57,39,26,13,25,18,52,28,35,12,29,20,25,19,57,11,35,10,6,12,17,0,2,0,7,-14,25,25,23,6,24,0,30,0,0,-39,0,0,0,0,14,9,7,9,27,29,35,35,35,26,47,47,47,47,47,47,47,47,60,60,60,60,60,60]} 1. d4 d6 2. e4 g6 3. Nf3 Bg7 4. Nc3 a6 5. a4 b6 6. Bc4 e6 7. O-O Ne7 8. Ne2 {LiveBook: 3 Games. B06: Modern Defence} (8. Bf4 Nd7 9. Qd2 h6 10. Rfe1 g5 11. Bg3 Ng6 12. h3 Nf6 13. e5 Nh5 14. Bh2 Nhf4 15. exd6 cxd6 {1-0 (36) Gustafsson,J (2630)-Fier,A (2636) Linares 2015}) 8... Bb7 9. Bd3 $146 ({Predecessor:} 9. Ng3 h6 10. c3 Nd7 11. Qb3 d5 12. exd5 Nxd5 13. Re1 O-O 14. Ne4 Re8 15. Bd2 Rb8 {0-1 (33) McPhillips,J (2395)-Cherniaev,A (2439) London 2016}) 9... Nd7 10. c3 {White has an edge.} h6 11. Bd2 O-O 12. Qc1 Kh7 $1 13. Re1 c5 14. Qb1 e5 15. dxe5 dxe5 16. Ng3 Nc8 {[%cal Be7c8,Bc8d6,Bd6e8,Be8f6][%mdl 32]} 17. Be3 Nd6 18. Nd2 b5 19. c4 {[%cal Rc4b5]} b4 20. Qc2 Ne8 21. Nb3 Qe7 22. Be2 h5 23. Red1 Nef6 24. Bg5 Rfe8 25. Bf3 Nf8 {[%cal Bd7f8,Bf8e6,Be6d4][%mdl 32]} 26. Bxh5 Ne6 27. Bxf6 $1 Qxf6 28. Bg4 {[#] aiming for Bxe6.} Nd4 29. Qd3 $1 Qe7 30. Na5 Rad8 31. Nxb7 Qxb7 32. Ne2 Nxe2+ 33. Qxe2 {Black must now prevent Rd5.White is slightly better.} Rd4 34. Bf3 Red8 35. b3 Bh6 36. Rxd4 Rxd4 37. Rd1 Qd7 38. Rxd4 Qxd4 39. g3 {Precision: White = 47%, Black = 51%.} 1/2-1/2

[Event "20th Dubai Open 2018"]
[Site "Dubai"]
[Date "2018.04.04"]
[Round "3"]
[White "Raghunandan, Kaumandur Srihari"]
[Black "Christenson, Flemming"]
[Result "0-1"]
[WhiteElo "2434"]
[BlackElo "2190"]
[Annotator "TA"]
[PlyCount "60"]
[EventDate "2018.??.??"]
[EventType "swiss"]
[EventCountry "UAE"]
[SourceTitle "playchess.com"]
[Source "ChessBase"]
[SourceQuality "1"]

{[%evp 22,60,35,0,0,0,12,-63,-61,-85,-38,-62,-32,-27,-28,-21,-25,-35,-20,-81,-54,-115,-90,-70,-90,-94,-84,-160,-155,-453,-458,-801,-754,-29983,-29984,-29984,-29985,-29983,-29984,-29979,-29980]} 1. e4 e6 2. d4 d5 3. Nc3 Nf6 4. e5 Nfd7 5. f4 c5 6. Nf3 Be7 7. Be3 O-O 8. Qd2 Nc6 9. dxc5 Nxc5 {C11: French: Classical System: 4 e5 and 4 Bg5 dxe4} 10. O-O-O a6 11. Kb1 b5 {[%cal Bb7b5,Bb5a4][%mdl 32]} 12. Qf2 {LiveBook: 5 Games} (12. Bxc5 $5 Bxc5 13. g3 $15) 12... Na4 $1 13. Nxa4 bxa4 {[#]} 14. Rd3 $146 (14. a3 $11) ({Find the theoretical novelty and annotate with similar games:} 14. Nd4 Qc7 15. Nxc6 Qxc6 16. Bd4 Rb8 17. h4 {½-½ (31) Salem,A (2603)-Anton Guijarro,D (2614) Moscow 2015}) 14... Rb8 $15 15. Rc3 Bd7 16. Nd4 Qb6 {[%csl Gb8][%cal Rb6b2] [#]} 17. b3 Qb7 18. Nxc6 Bxc6 19. Ba7 {[#]} d4 $1 {[%mdl 512]} 20. Bxd4 (20. Rxc6 $1 $11 Qxc6 21. Bxb8 Rxb8 22. Bd3) 20... Rfd8 21. Bc5 (21. Be2 $15) 21... Bxc5 22. Qxc5 Bxg2 $40 {[%mdl 128] Black goes for the king.} 23. Bxg2 Qxg2 24. Rg1 (24. Qc6 $142 Qd2 25. Rc4) 24... Qxh2 $17 25. Rcg3 $2 (25. Rf1 $17 {was necessary.}) 25... Rbc8 $19 26. Rxg7+ (26. Rd3 $142 Re8 27. Qd4 Rxc2 28. Rh1 Qxh1+ 29. Kxc2) 26... Kh8 27. Qe3 Qxc2+ {Black mates.} 28. Ka1 Rd1+ 29. Rxd1 Qxd1+ 30. Kb2 Kxg7 {Precision: White = 28%, Black = 85%.} 0-1

[Event "20th Dubai Open 2018"]
[Site "Dubai"]
[Date "2018.04.04"]
[Round "3"]
[White "Sindarov, Javokhir"]
[Black "Senthil, Maran K"]
[Result "0-1"]
[WhiteElo "2431"]
[BlackElo "2178"]
[Annotator "TA"]
[PlyCount "112"]
[EventDate "2018.??.??"]
[EventType "swiss"]
[EventCountry "UAE"]
[SourceTitle "playchess.com"]
[Source "ChessBase"]
[SourceQuality "1"]

{[%evp 10,112,27,20,65,50,102,83,74,77,94,103,116,0,0,0,0,0,10,0,0,-16,62,71,63,70,68,68,89,81,83,86,78,-732,91,193,93,87,98,95,84,37,40,37,52,43,39,0,0,0,0,-571,-560,-560,-560,-550,-550,-542,-478,-821,-645,-5289,-1687,-12837,-12838,-12838,-12839,-12839,-12839,-12840,-12840,-12841,-12841,-12841,-12842,-12842,-12843,-12844,-12844,-12845,-12846,-12851,-29980,-29980,-29981,-29981,-29982,-29982,-29983,-29986,-29985,-29985,-29983,-29987,-29987,-29987,-29983,-29983,-29982,-29982,-29982,-29983,-29984,-29986,-29987]} 1. e4 c6 2. d4 d5 3. f3 Qb6 4. Nc3 dxe4 5. Nxe4 Nf6 6. c3 {LiveBook: 4 Games. B12: Caro-Kann: Advance Variation} Nxe4 $146 ({Predecessor:} 6... Bf5 7. Bd3 Bg6 8. Qe2 e6 9. Nh3 Nbd7 10. Be3 Nxe4 11. fxe4 {1-0 (27) Timofeev,A (2671)-Gagunashvili,M (2585) Budva 2009}) 7. fxe4 e5 (7... e6 $14) 8. Bc4 {White is better.} ({Reject} 8. dxe5 $6 Bc5 $15) 8... Be7 9. Qh5 O-O 10. Qxe5 Bh4+ 11. g3 ({White should try} 11. Ke2 $16) 11... Bf6 $11 12. Qf4 {Strongly threatening e5.} Bxd4 $1 13. Nf3 Bf6 14. e5 Be7 15. Nd4 Qc5 (15... Na6 $11) 16. Nb3 $36 {[%mdl 2048] White is in control.} Qb6 17. Be3 c5 18. O-O {[%cal Rc4f7]} Bh3 19. Rf2 $1 {[%cal Rc4f7]} ({Much weaker is} 19. Bxf7+ Kh8 $11) 19... Be6 20. Bxe6 fxe6 21. Qxf8+ $1 Bxf8 {[#]} 22. Rxf8+ $1 {[%mdl 512]} Kxf8 23. Bxc5+ Ke8 24. Bxb6 axb6 $16 {[%mdl 4096] Endgame KRN-KRN} 25. a3 Nc6 26. Rd1 Ke7 27. Rd6 Rd8 $1 28. Nd4 {Rxc6 is the strong threat.} Rxd6 29. exd6+ Kxd6 {Hoping for ...Nxd4.} 30. Nxc6 $2 {[%mdl 8192]} (30. Kf2 $11 {and White is okay.}) 30... Kxc6 $11 {KP-KP} 31. Kf2 Kd5 $1 {[%cal Rd5c4]} 32. b3 {[#]} Ke4 $1 {[%cal Re4d3]} 33. Ke2 {[#]} b5 $1 34. h3 (34. h4 $142 h5 35. a4 bxa4 36. bxa4) 34... g5 35. g4 e5 {[%cal Be6e5,Be5e4][%mdl 32]} 36. a4 bxa4 37. bxa4 Kd5 38. Kd3 e4+ 39. Kd2 Kc4 40. a5 h6 41. Ke3 Kxc3 42. Kxe4 $19 {K3P-K3P} Kb4 43. Kf5 Kxa5 {K3P-KPP} 44. Kg6 b5 45. Kxh6 b4 46. Kxg5 {KPP-KP. Black mates.} b3 47. Kh6 b2 48. g5 b1=Q 49. h4 Qb6+ 50. g6 Qe3+ 51. Kh5 Qe7 52. g7 Qf7+ 53. Kh6 Qf4+ 54. Kg6 Qg4+ 55. Kf7 Qf5+ 56. Kg8 Kb6 {Precision: White = 53%, Black = 78%.} 0-1

[Event "20th Dubai Open 2018"]
[Site "Dubai"]
[Date "2018.04.04"]
[Round "3"]
[White "Khademalsharieh, Sarasadat"]
[Black "Makropoulou, Marina"]
[Result "1-0"]
[WhiteElo "2424"]
[BlackElo "2167"]
[Annotator "TA"]
[PlyCount "77"]
[EventDate "2018.??.??"]
[EventType "swiss"]
[EventCountry "UAE"]
[SourceTitle "playchess.com"]
[Source "ChessBase"]
[SourceQuality "1"]

{[%evp 9,77,24,29,16,28,19,25,24,32,25,20,22,29,0,12,0,24,14,46,39,37,32,48,38,59,20,69,69,125,125,129,97,134,126,131,117,124,104,94,79,141,128,164,163,162,150,172,168,195,195,195,171,191,184,242,232,268,239,643,643,612,574,660,648,766,756,817,803,1149,1120]} 1. d4 d5 2. c4 c6 3. Nf3 Nf6 4. e3 a6 5. Be2 (5. Bd3 Bg4 6. Nbd2 e6 7. b3 c5 8. Bb2 cxd4 9. exd4 Nc6 10. O-O Be7 11. a3 O-O 12. c5 Re8 13. b4 Bf8 {0-1 (30) Karjakin,S (2760)-Eljanov,P (2711) Riadh 2017}) 5... e6 6. O-O {D11: Slav Defence: 3 Nf3 sidelines and 3...Nf6 4 e3 Bg4} Nbd7 7. b3 Be7 8. Bb2 $146 {White has an edge.} ({Predecessor:} 8. Ba3 Bxa3 9. Nxa3 Qe7 10. Nc2 e5 11. dxe5 Nxe5 {½-½ (11) Uogele,A (2138)-Baleev,K (2292) Velke Losiny 2013}) 8... O-O 9. Nbd2 b6 10. Qc2 Bb7 11. e4 Rc8 12. Rad1 Qc7 13. Bd3 g6 14. Rfe1 Rfe8 15. Qb1 Bb4 16. a3 Bf8 17. b4 {[%cal Bb3b4,Bb4c5][%mdl 32]} Bg7 18. e5 Ng4 (18... Nh5 $1 $14) 19. h3 $36 {[%mdl 2048] White has strong initiative.} Nh6 20. c5 bxc5 21. bxc5 ({Much less strong is} 21. dxc5 $6 a5 $14) 21... a5 22. Bc3 Ra8 23. Nb3 {[%cal Bd2b3,Bb3c1,Bc1d3][%mdl 32]} a4 24. Nc1 Reb8 (24... f6 $142) 25. Qc2 Ba6 26. Bxa6 Rxa6 27. Nd3 Raa8 28. Rb1 Rxb1 29. Rxb1 f6 {[#]} 30. exf6 $1 Bxf6 31. Re1 Re8 (31... Nf8 $142 32. g3 Nf5) 32. Qxa4 $18 Nf7 33. Qc2 e5 $2 (33... Qb7 34. a4 Bg7) 34. dxe5 {White is clearly winning.} Nfxe5 35. Nfxe5 Nxe5 36. f4 Nxd3 37. Rxe8+ Kf7 {[#]} 38. Bxf6 $3 {[%mdl 512]} Kxe8 (38... Kxf6 39. Qxd3) 39. Qxd3 {Precision: White = 57%, Black = 33%.} 1-0

[Event "20th Dubai Open 2018"]
[Site "Dubai"]
[Date "2018.04.04"]
[Round "3"]
[White "Tania, Sachdev"]
[Black "Deepan, Chakkravarthy J"]
[Result "0-1"]
[WhiteElo "2407"]
[BlackElo "2499"]
[Annotator "TA"]
[PlyCount "94"]
[EventDate "2018.??.??"]
[EventType "swiss"]
[EventCountry "UAE"]
[SourceTitle "playchess.com"]
[Source "ChessBase"]
[SourceQuality "1"]

{[%evp 18,94,22,18,36,33,32,-1,21,-2,15,13,22,13,0,0,0,0,2,-29,-22,-39,-48,-40,-11,-15,-17,-56,-34,-43,-38,-52,-18,-69,-31,-25,-22,-31,-39,-31,-32,-35,-31,-39,-25,-27,-28,-29,-29,-42,-35,-46,-52,-94,-94,-93,-66,-66,-66,-82,-8,-92,-92,-92,-92,-92,-92,-92,-92,-127,-147,-198,-92,-537,-537,-537,-520,-718,-666]} 1. d4 Nf6 2. c4 g6 3. Nc3 Bg7 4. e4 d6 5. f3 O-O 6. Nge2 c5 7. d5 e6 8. Ng3 exd5 9. cxd5 a6 10. a4 Nh5 {A65: Modern Benoni: 6 e4} 11. Nxh5 gxh5 12. Bf4 Qh4+ $146 {The position is equal.} (12... f5 $5 {[%cal Rf5e4]}) ({Predecessor:} 12... Qe7 13. Qd2 Nd7 14. Bg5 f6 15. Bh4 Ne5 16. Be2 Ng6 17. Bf2 f5 18. exf5 Bxf5 {1-0 (41) Grischuk,A (2704)-Bologan,V (2669) chessassistantclub.com INT 2004}) 13. g3 Qe7 14. Qd2 Nd7 15. Be2 Ne5 16. O-O Bh3 17. Rf2 f5 18. exf5 Bxf5 19. Bh6 Rae8 20. a5 c4 (20... h4 {feels hotter.} 21. Bg5 hxg3 22. Bxe7 gxf2+ 23. Kxf2 Rxe7 24. Rg1 Ng6) 21. Bxg7 Qxg7 22. Ne4 Bxe4 23. fxe4 Rxf2 24. Kxf2 Qg6 25. Kg1 (25. Qe3 $11) 25... h4 26. Qf4 Nf7 27. Bxc4 Rxe4 28. Bd3 Rxf4 29. Bxg6 hxg3 30. hxg3 Rf3 (30... Rg4 {is interesting.} 31. Bxf7+ Kxf7 32. Ra3 Rb4 33. Rf3+ Ke7) 31. Bxf7+ Kxf7 $11 {[%mdl 4096] Endgame KR-KR} 32. Kg2 Rb3 33. Rf1+ Kg6 34. Re1 Rxb2+ 35. Kh3 Rb5 36. Re6+ Kf5 37. g4+ $1 Kg5 38. Rxd6 h6 ({Better is} 38... Rxa5 $17 {White must now prevent ...b5.} 39. Rd7 Ra3+ 40. Kg2 b5) 39. Rd7 {[#]} (39. Kg3 $1 $11 {keeps the balance.}) 39... Rb3+ $1 $17 40. Kg2 Kxg4 41. d6 Kf5 42. Rh7 Ke6 43. Rxh6+ Kd7 44. Kf2 (44. Rh1 $17) 44... Kc6 (44... Rb5 $19 {is more deadly.} 45. Ke3 Kc6) 45. Rh5 $2 {[%mdl 8192] [#]} (45. Rh1 $17 {is tougher.}) 45... Rb5 $1 $19 {[%cal Rb5h5] Black is clearly winning.} 46. Rh6 Rxa5 47. Ke3 Rd5 {Precision: White = 32%, Black = 52%.} 0-1

[Event "20th Dubai Open 2018"]
[Site "Dubai"]
[Date "2018.04.04"]
[Round "3"]
[White "Berezin, Viktor"]
[Black "Afshari, Mohammadreza"]
[Result "1/2-1/2"]
[WhiteElo "2382"]
[BlackElo "2165"]
[Annotator "TA"]
[PlyCount "74"]
[EventDate "2018.??.??"]
[EventType "swiss"]
[EventCountry "UAE"]
[SourceTitle "playchess.com"]
[Source "ChessBase"]
[SourceQuality "1"]

{[%evp 12,74,19,8,4,11,47,7,4,2,18,28,26,33,24,25,22,8,32,25,27,33,32,-19,-15,-57,-17,-39,-14,-35,-24,-65,-45,-55,-68,-108,-91,-97,-98,-143,-130,-126,-93,-78,-77,-82,-38,-43,-33,-39,-8,-44,-27,-42,-48,-41,-35,-26,-7,0,0,0,0,0,0]} 1. d4 d5 2. c4 e6 3. Nf3 Nf6 4. g3 Be7 5. Bg2 O-O 6. O-O dxc4 7. Qc2 b6 {E05: Open Catalan: 5 Nf3 Be7} (7... c6 8. Qxc4 b5 9. Qc2 Bb7 10. Nc3 Nbd7 11. Rd1 Qb6 12. Ne5 Rfd8 13. Be3 Nd5 14. Nxd5 cxd5 15. Rac1 Rac8 16. Qd3 b4 17. Rxc8 Bxc8 {½-½ (41) So,W (2799)-Mamedyarov,S (2809) Berlin 2018}) 8. Ne5 Nd5 9. Qxc4 Ba6 10. Qc2 c5 $146 ({Predecessor:} 10... Bf6 11. Nc3 c5 12. Nxd5 exd5 13. Qb3 Bb7 14. Rd1 Na6 15. Be3 Bxe5 16. dxe5 {½-½ (37) Tsolakidou,S (2338)-Solozhenkina,E (1997) Moscow 2016}) 11. dxc5 Bxc5 {[#] And now ...Qc7 would win.} 12. Nc3 Bb7 13. Rd1 Qc7 14. Nd3 Nb4 (14... Be7 {seems wilder.} 15. Bxd5 Bxd5 16. Bf4 Qc8 17. Rac1 Bb7) 15. Nxb4 {Threatens to win with Bf4.} Bxg2 16. Kxg2 {Black must now prevent Qe4.} Bxb4 17. Rd4 (17. Bd2 $14) 17... Bxc3 $11 18. bxc3 Nd7 19. Rh4 {[%csl Gh4][%cal Rc2h7]} f5 20. c4 (20. Ba3 $5 {[%cal Ra3f8]}) 20... Rac8 $36 {[%mdl 2048] Black has the initiative.} 21. Bb2 {[#]} b5 $1 {[%mdl 512]} 22. Rc1 (22. cxb5 Qxc2) 22... Nb6 $1 {[%cal Rb6c4]} 23. Ba3 Rfd8 {[%cal Rb6c4]} 24. c5 Nc4 25. Rxc4 bxc4 26. Qxc4 Qc6+ 27. f3 Rd5 28. Rc2 Rcd8 29. Bc1 Rd4 30. Qc3 R8d5 31. Bb2 Rd7 32. Qxd4 Rxd4 33. Bxd4 {KQ-KRB} Qa4 34. Rd2 Qb4 35. Be3 {The position is equal.} Qc4 36. Kf2 g5 37. Bxg5 Qxc5+ {Precision: White = 33%, Black = 62%.} 1/2-1/2

[Event "20th Dubai Open 2018"]
[Site "Dubai"]
[Date "2018.04.04"]
[Round "3"]
[White "Omar, Noaman"]
[Black "Ma, Lin"]
[Result "1/2-1/2"]
[WhiteElo "2372"]
[BlackElo "2156"]
[Annotator "NA"]
[PlyCount "65"]
[EventDate "2018.??.??"]
[EventType "swiss"]
[EventCountry "UAE"]
[SourceTitle "playchess.com"]
[Source "ChessBase"]
[SourceQuality "1"]
[TimeControl "5400+30"]

1. d4 {[%emt 0:01:04]} Nf6 {[%emt 0:00:14]} 2. c4 {[%emt 0:00:07]} g6 {[%emt 0:00:07]} 3. Nc3 {[%emt 0:00:17]} d5 {[%emt 0:00:05]} 4. cxd5 {[%emt 0:00:20]} Nxd5 {[%emt 0:00:05]} 5. e4 {[%emt 0:00:00]} Nxc3 {[%emt 0:00:00]} 6. bxc3 {[%emt 0:00:00]} Bg7 {[%emt 0:00:00]} 7. Nf3 {[%emt 0:00:00]} c5 {[%emt 0:00:07]} 8. Be3 {[%emt 0:00:09] LiveBook: 1694 Games} Qa5 {[%emt 0:08:28]} 9. Bd2 {[%emt 0:00:40]} O-O {[%emt 0:06:50]} 10. h3 {[%emt 0:00:04]} Rd8 {[%emt 0:13:53]} 11. Bc4 {[%emt 0:04:10]} Nc6 {[%emt 0:14:09]} 12. O-O {[%emt 0:02:24]} Qc7 {[%emt 0:09:34]} 13. Rc1 {[%emt 0:04:11]} ({Don't play} 13. dxc5 Na5 $15) 13... b6 {[%emt 0:02:51]} 14. d5 {[%emt 0:00:55]} Na5 {[%emt 0:01:30]} 15. Be2 {[%emt 0:02:33]} c4 $14 {[%emt 0:03:54]} 16. Bg5 {[%emt 0:00:49]} f5 {[%emt 0:05:54]} 17. e5 {[%emt 0:07:07]} Bb7 {[%emt 0:08:43]} 18. d6 exd6 {[%emt 0:00:00]} 19. Bxd8 {[%emt 0:00:48]} Rxd8 {[%emt 0:00:00]} 20. e6 {[%emt 0:03:27]} Qe7 {[%emt 0:06:16]} 21. Nd4 {[%emt 0:00:31]} d5 {[%emt 0:06:21]} 22. Re1 {[%emt 0:00:31]} Nc6 {[%emt 0:00:02]} 23. Nxc6 {[%emt 0:02:22]} Bxc6 {[%emt 0:00:02]} 24. Bf3 {[%emt 0:00:48]} Rd6 {[%emt 0:01:30]} 25. Qd2 {[%emt 0:00:52]} Bf6 {[%emt 0:01:21]} 26. Rcd1 {[%emt 0:01:15]} Kg7 {[%emt 0:00:12]} 27. g3 {[%emt 0:01:12]} Bg5 {[%emt 0:04:04]} 28. Qd4+ {[%emt 0:00:29]} Bf6 {[%emt 0:00:00]} 29. Qe3 {[%emt 0:02:33]} Bg5 {[%emt 0:00:00]} 30. Qe2 {[%emt 0:00:23]} Bf6 {[%emt 0:00:02]} 31. Rc1 {[%emt 0:00:33]} Bg5 {[%emt 0:00:35]} 32. Rcd1 {[%emt 0:10:28]} Bf6 {[%emt 0:00:05]} 33. Qe3 {[%emt 0:03:01]} 1/2-1/2

[Event "20th Dubai Open 2018"]
[Site "Dubai"]
[Date "2018.04.04"]
[Round "3"]
[White "Nandhidhaa, Pv"]
[Black "Darini, Pouria"]
[Result "0-1"]
[WhiteElo "2272"]
[BlackElo "2478"]
[Annotator "TA"]
[PlyCount "64"]
[EventDate "2018.??.??"]
[EventType "swiss"]
[EventCountry "UAE"]
[SourceTitle "playchess.com"]
[Source "ChessBase"]
[SourceQuality "1"]

{[%evp 20,64,34,29,26,19,38,25,29,-25,17,-38,-45,-64,-46,-66,-75,-78,-71,-81,-72,-125,83,100,129,-43,-53,-69,-35,-148,-154,-184,-159,-166,-218,-540,-464,-426,-330,-335,-316,-1157,-1139,-5306,-5310,-5018,-4615]} 1. e4 c5 2. Nf3 d6 3. d4 cxd4 4. Nxd4 Nf6 5. Nc3 Nc6 6. f3 e5 7. Nb3 Be7 8. Be3 O-O 9. Qd2 Be6 10. O-O-O a5 11. Bb5 {LiveBook: 41 Games} Qb8 {B56: Classical Sicilian: Unusual Lines} 12. Kb1 (12. g4 a4 13. Nxa4 d5 14. g5 d4 15. gxf6 dxe3 16. Qxe3 Bxf6 17. Bxc6 bxc6 18. Nbc5 Bxa2 19. Nd7 {½-½ (80) Vachier Lagrave,M (2796)-Grischuk,A (2761) Paris 2017}) 12... Rc8 13. g4 $146 ({Predecessor:} 13. Nd5 Bxd5 14. exd5 a4 15. Na1 a3 16. b3 Na7 17. Be2 Qc7 18. c4 Rcb8 19. Nc2 {1-0 (48) Baules,J (2264)-Davila,C (2374) Turin 2006}) 13... Ne8 {White has an edge.} 14. Na4 (14. a3 $142) 14... Nc7 15. Bxc6 ({Better is} 15. Be2 $11) 15... bxc6 $15 16. Nb6 a4 17. Nxa8 Qxa8 ({Much worse is} 17... Nxa8 $6 18. Na5 $14) 18. Nc1 d5 {[%cal Bd6d5,Bd5d4][%mdl 32]} 19. Nd3 d4 $1 {[%cal Rd4e3]} 20. Bf2 (20. Bg5 $142 f6 21. Bh4) 20... f6 $2 (20... Nb5 $17) 21. g5 $1 $16 {[%cal Rg5f6]} fxg5 {[#]} 22. Bg3 $2 (22. Rdg1 $1 $16) 22... Nb5 $15 23. Ka1 c5 $1 {[%cal Bc6c5,Bc5c4,Bc4c3][%mdl 32]} 24. Nxe5 {[#]} (24. Bxe5 $15 c4 25. Nb4) 24... c4 $1 $17 25. h4 g4 26. Nxg4 c3 27. Qc1 $2 (27. bxc3 {is tougher.} Na3 28. Nh6+ gxh6 29. Be5) 27... Bb4 {White must now prevent ...cxb2+.} 28. Be1 Bxg4 29. fxg4 Qxe4 30. Rf1 $2 (30. Rh3 Qxg4 31. Rhd3) 30... Qe2 $19 {Black is clearly winning.} 31. Rf2 cxb2+ 32. Kxb2 Bc3+ {Precision: White = 18%, Black = 67%.} 0-1

[Event "20th Dubai Open 2018"]
[Site "Dubai"]
[Date "2018.04.04"]
[Round "3"]
[White "Bubalovic, Davorin"]
[Black "Erigaisi, Arjun"]
[Result "1/2-1/2"]
[WhiteElo "2187"]
[BlackElo "2481"]
[Annotator "TA"]
[PlyCount "81"]
[EventDate "2018.??.??"]
[EventType "swiss"]
[EventCountry "UAE"]
[SourceTitle "playchess.com"]
[Source "ChessBase"]
[SourceQuality "1"]

{[%evp 20,81,62,58,77,67,70,52,72,66,47,45,103,81,70,72,113,63,69,72,91,62,67,9,38,0,0,7,39,13,110,16,27,0,6,4,10,7,16,0,0,-17,14,-7,0,0,0,0,0,0,0,0,0,0,0,0,0,0,0,0,0,0,0,0]} 1. e4 {[%cal Be2e4,Be4e5][%mdl 32]} e6 2. d4 d5 3. Nc3 Nf6 4. e5 Nfd7 5. f4 c5 6. Nf3 Nc6 7. Be3 a6 8. Qd2 b5 9. dxc5 Nxc5 10. Qf2 Nd7 {C11: French: Classical System: 4 e5 and 4 Bg5 dxe4} 11. Bd3 {LiveBook: 3 Games} Be7 12. O-O O-O {White is slightly better.} 13. Rae1 $146 ({Predecessor:} 13. Ne2 Qc7 14. c3 Rb8 15. b4 Nb6 16. Ned4 g6 17. Nxc6 Qxc6 18. Bd4 {1-0 (42) Fenwick,C (2587)-Dunlop,G (2572) ICCF email 2016}) 13... Bb7 14. Ne2 g6 15. Ned4 Kh8 ({Better is} 15... Rc8 $14) 16. Nxc6 Bxc6 17. Bd4 Bb7 18. f5 gxf5 {[#]} 19. Bxf5 $1 {[%mdl 512]} Rg8 ({Wrong is} 19... exf5 $2 20. e6+ f6 21. exd7 $18) 20. Bd3 Qc7 21. Qe3 (21. Nd2 $14) 21... Nc5 22. Bxc5 Bxc5 23. Nd4 Rg7 24. c3 Rag8 (24... b4 $1 $11 {remains equal.}) 25. Re2 (25. Rf6 $16) 25... b4 $11 26. Rf3 bxc3 {The position is equal.} 27. bxc3 Qa5 28. Rc2 Bc6 29. Bf1 Bb5 30. Rcf2 Qa4 31. Qd2 Bxf1 32. Kxf1 Rg4 {[%cal Rc5d4]} 33. Rf4 Bxd4 34. cxd4 Qb5+ 35. Kg1 Qb1+ 36. Rf1 Rxg2+ 37. Qxg2 Rxg2+ 38. Kxg2 Qxa2+ 39. R1f2 Qb1 {White should prevent ...Kg8.} 40. Rxf7 Qg6+ 41. Kf1 {Precision: White = 44%, Black = 44%.} 1/2-1/2